[Event "Chess Festival Groningen 2019 B"]
[Site "Groningen , Netherlands"]
[Date "2019.12.27"]
[Round "6"]
[White "Kubat, Pavel"]
[Black "Leentjens, Gilbert"]
[Result "1-0"]
[WhiteElo "1914"]
[BlackElo "1843"]
[PlyCount "49"]
[EventDate "2019.12.??"]

1. d4 Nf6 2. Nf3 e6 3. c3 b6 4. e3 Bb7 5. Bd3 Ne4 6. Nbd2 f5 7. Qc2 d5 8. Ne5
Bd6 9. Ndf3 c6 10. a4 Nd7 11. Nxd7 Qxd7 12. g3 Qc7 13. b3 O-O 14. Bb2 c5 15.
O-O c4 16. Be2 Rf6 17. Kg2 Raf8 18. Ba3 Bxa3 19. Rxa3 g5 20. Ne5 f4 21. exf4
gxf4 22. f3 fxg3 23. hxg3 Nxg3 24. Kxg3 Qg7+ 25. Kf2 1-0

[Event "Chess Festival Groningen 2019 B"]
[Site "Groningen , Netherlands"]
[Date "2019.12.27"]
[Round "6"]
[White "Nixdorf, Andre"]
[Black "Molanus, Lennart"]
[Result "1-0"]
[WhiteElo "1884"]
[BlackElo "1677"]
[PlyCount "69"]
[EventDate "2019.12.??"]

1. d4 Nf6 2. Nf3 e6 3. c4 c5 4. d5 exd5 5. cxd5 d6 6. Nc3 g6 7. e4 Bg7 8. Be2
O-O 9. O-O Na6 10. Bf4 Nc7 11. a4 Rb8 12. Nd2 Re8 13. Re1 a6 14. a5 Bf8 15. Qc2
Bd7 16. Nc4 Nxe4 17. Nxe4 Bf5 18. Bd3 Nxd5 19. Bd2 Nb4 20. Bxb4 cxb4 21. Ng3
Bxd3 22. Qxd3 Qf6 23. Qd5 Rbc8 24. Rxe8 Rxe8 25. Rd1 Qe7 26. b3 h5 27. h3 h4
28. Nf1 Qe2 29. Rd3 Re6 30. Rf3 Bg7 31. Nxd6 Bc3 32. Re3 Rxe3 33. fxe3 Be1 34.
Qxf7+ Kh8 35. Ne8 1-0

[Event "Chess Festival Groningen 2019 B"]
[Site "Groningen , Netherlands"]
[Date "2019.12.27"]
[Round "6"]
[White "Pellikaan, Govert"]
[Black "Noordenbos, Daan"]
[Result "0-1"]
[WhiteElo "1984"]
[BlackElo "2023"]
[PlyCount "110"]
[EventDate "2019.12.??"]

1. d4 Nf6 2. Nf3 e6 3. c3 c5 4. g3 Nc6 5. Bg2 b5 6. Bg5 Bb7 7. O-O h6 8. Bxf6
Qxf6 9. e4 cxd4 10. cxd4 e5 11. d5 Na5 12. b3 Bd6 13. Qd2 Qd8 14. Nc3 Qb6 15.
Nd1 O-O 16. Ne3 Rfe8 17. Nf5 Bf8 18. Rac1 Rac8 19. h4 d6 20. g4 Rxc1 21. Rxc1
Rc8 22. h5 Rxc1+ 23. Qxc1 Qd8 24. Bf1 a6 25. b4 Nc4 26. Bxc4 Qc8 27. Ne3 a5 28.
Qc2 bxc4 29. b5 c3 30. a4 Be7 31. Nf5 Kf8 32. Nh2 g6 33. hxg6 fxg6 34. Ne3 Bg5
35. Nd1 Bd2 36. Kg2 h5 37. f3 Qc4 38. Kf2 Qd4+ 39. Ke2 Qc4+ 40. Kf2 Qd4+ 41.
Kg2 Bc8 42. Nf1 Be1 43. gxh5 gxh5 44. Qe2 Bd2 45. Nde3 Bxe3 46. Nxe3 Qxa4 47.
Qd3 Qa2+ 48. Kg3 h4+ 49. Kxh4 Qh2+ 50. Kg5 Qf4+ 51. Kg6 Bd7 52. Nf5 Bxf5+ 53.
exf5 Qg3+ 54. Kh5 Kf7 55. f6 Kxf6 0-1

[Event "Chess Festival Groningen 2019 B"]
[Site "Groningen , Netherlands"]
[Date "2019.12.27"]
[Round "6"]
[White "Pol, Thierry"]
[Black "Klein, Jorik"]
[Result "1/2-1/2"]
[WhiteElo "1684"]
[BlackElo "1859"]
[PlyCount "49"]
[EventDate "2019.12.??"]

1. e4 c5 2. Nf3 d6 3. d4 cxd4 4. Nxd4 Nf6 5. Nc3 a6 6. Be3 e6 7. f3 Qc7 8. Qd2
Nc6 9. g4 b5 10. O-O-O Nd7 11. h4 Nde5 12. Rh3 b4 13. Na4 Bd7 14. Nxc6 Nxc6 15.
Nb6 Rb8 16. Nxd7 Qxd7 17. Bc5 Rd8 18. Bxb4 Nxb4 19. Qxb4 Be7 20. Bxa6 O-O 21.
Qb5 Qa7 22. Qb7 Qe3+ 23. Kb1 Bf6 24. Qb3 Qc5 25. Bb5 1/2-1/2

[Event "Chess Festival Groningen 2019 B"]
[Site "Groningen , Netherlands"]
[Date "2019.12.27"]
[Round "6"]
[White "Saber, Anas"]
[Black "Waardenburg, Marlinde"]
[Result "1-0"]
[WhiteElo "2008"]
[BlackElo "1735"]
[PlyCount "43"]
[EventDate "2019.12.??"]

1. e4 Nf6 2. Nc3 d5 3. exd5 Nxd5 4. Nge2 Nc6 5. Nxd5 Qxd5 6. Nc3 Qd6 7. Be2 e5
8. O-O Be6 9. Re1 O-O-O 10. b4 f5 11. a4 g6 12. a5 Bh6 13. b5 Nd4 14. Bf1 c6
15. Ba3 Qc7 16. b6 Qb8 17. Be7 Rd7 18. Bf6 Re8 19. Bxe5 Qa8 20. a6 axb6 21.
axb7+ Qxb7 22. Ba6 1-0

[Event "Chess Festival Groningen 2019 B"]
[Site "Groningen , Netherlands"]
[Date "2019.12.27"]
[Round "6"]
[White "Sprik, Sander"]
[Black "Blom, Yeb"]
[Result "1-0"]
[WhiteElo "1791"]
[BlackElo "1917"]
[PlyCount "85"]
[EventDate "2019.12.??"]

1. e4 c5 2. Nf3 Nc6 3. d4 cxd4 4. Nxd4 Nf6 5. Nc3 d6 6. Bg5 e6 7. Qd2 a6 8.
O-O-O Be7 9. Bxf6 gxf6 10. f4 Qc7 11. Kb1 Bd7 12. Nxc6 Bxc6 13. Bd3 b5 14. Rhf1
Qb7 15. Qe3 a5 16. Ne2 Bd8 17. Ng3 a4 18. f5 e5 19. Qh6 b4 20. Qg7 Rf8 21. Nh5
Qe7 22. Qxh7 Rb8 23. Qg7 d5 24. exd5 Bxd5 25. Rfe1 Rb6 26. Be4 Bxe4 27. Rxe4 b3
28. cxb3 axb3 29. a3 Qc7 30. Re2 Rd6 31. Red2 Rxd2 32. Rxd2 Qb6 33. Rd1 Qc5 34.
Rc1 Qd6 35. Qg3 Rh8 36. Qf3 Ke7 37. g4 Bc7 38. Qb7 Kd8 39. Qxb3 Qe7 40. Qb7 Rh6
41. Rd1+ Ke8 42. Qc6+ Kf8 43. Rd7 1-0

[Event "Chess Festival Groningen 2019 B"]
[Site "Groningen , Netherlands"]
[Date "2019.12.27"]
[Round "6"]
[White "Van de Pavoordt, Max"]
[Black "Kunnen, Ruurd"]
[Result "1-0"]
[WhiteElo "2016"]
[BlackElo "1846"]
[PlyCount "70"]
[EventDate "2019.12.??"]

1. e4 e5 2. Nf3 Nc6 3. Bc4 Bc5 4. c3 Nf6 5. d3 d6 6. O-O O-O 7. Nbd2 a6 8. a4
Be6 9. Bxe6 fxe6 10. b4 Ba7 11. h3 h6 12. Bb2 Qe8 13. b5 axb5 14. axb5 Ne7 15.
Qb3 Ng6 16. d4 Nf4 17. Kh2 Qh5 18. Rh1 Rfe8 19. Qc4 Qg6 20. g3 N4h5 21. Qe2 Nd7
22. Ra3 Bb6 23. Rha1 Rxa3 24. Rxa3 exd4 25. cxd4 Nhf6 26. Nh4 Qh5 27. f3 d5 28.
e5 Nh7 29. Ng2 Nhf8 30. g4 Qf7 31. f4 g6 32. Nf3 Kh7 33. Bc3 c5 34. bxc6 bxc6
35. Bb4 c5 1-0

[Event "Chess Festival Groningen 2019 B"]
[Site "Groningen , Netherlands"]
[Date "2019.12.27"]
[Round "6"]
[White "Waardenburg, Feline"]
[Black "Salihbegovic, Edim"]
[Result "0-1"]
[WhiteElo "1769"]
[BlackElo "2011"]
[PlyCount "70"]
[EventDate "2019.12.??"]

1. d4 d5 2. c4 c6 3. Nf3 Nf6 4. Nc3 dxc4 5. a4 Bf5 6. e3 e6 7. Bxc4 Bb4 8. O-O
O-O 9. Nh4 Nbd7 10. Nxf5 exf5 11. Qc2 g6 12. f3 a5 13. Qf2 Rc8 14. Rd1 Qe7 15.
Qh4 Rfe8 16. Kh1 Nb6 17. Bd3 Nfd5 18. Qxe7 Rxe7 19. Nxd5 cxd5 20. b3 Nd7 21.
Ra2 Nf6 22. Re2 Rc3 23. h3 Nh5 24. Kh2 Bd6+ 25. Kg1 Rxb3 26. Bc2 Rc3 27. e4
Rec7 28. e5 Bb4 29. g4 fxg4 30. fxg4 Ng3 31. Rg2 Rxc2 32. e6 Rxc1 33. Rxc1
Rxc1+ 34. Kh2 Bd6 35. e7 Rh1# 0-1

[Event "Chess Festival Groningen 2019 B"]
[Site "Groningen , Netherlands"]
[Date "2019.12.28"]
[Round "7"]
[White "Arnold, Lorin"]
[Black "Karsdorp, Nico"]
[Result "1/2-1/2"]
[WhiteElo "1647"]
[BlackElo "1812"]
[PlyCount "160"]
[EventDate "2019.12.??"]

1. e4 e5 2. d4 exd4 3. c3 d3 4. Bxd3 Nc6 5. Be3 Nf6 6. Nf3 d6 7. h3 Be7 8. O-O
a6 9. Nd4 O-O 10. f4 Re8 11. g4 g6 12. f5 Ne5 13. g5 Nh5 14. fxg6 hxg6 15. h4
Bh3 16. Rf2 Ng4 17. Rf3 Nxe3 18. Rxe3 Nf4 19. Bc4 Qd7 20. Qf3 Qg4+ 21. Kh2 Qxh4
22. Qg3 Qxg5 23. Rf3 Qxg3+ 24. Kxg3 Bg5 25. Rxf4 Bxf4+ 26. Kxf4 c5 27. Nf3 Be6
28. Nbd2 b5 29. Bxe6 Rxe6 30. c4 Kg7 31. a4 b4 32. Nb3 f6 33. Rd1 Rae8 34. Nbd2
Rh8 35. Rg1 Kf7 36. Rf1 Ree8 37. Rg1 Reg8 38. Nf1 g5+ 39. Kg4 Rg7 40. Ne3 Rgh7
41. Nf5 Ke6 42. Rd1 Rd7 43. Kg3 b3 44. Rd3 Rb8 45. Nd2 Rb4 46. Kf3 Rxa4 47.
Rxb3 Rb4 48. Rxb4 cxb4 49. b3 Rc7 50. Kg4 Rc5 51. Nf3 Ra5 52. N3d4+ Kd7 53. Nc2
Re5 54. Ng3 a5 55. Kf3 Rc5 56. Nf1 a4 57. Nxb4 axb3 58. Nd2 b2 59. Nd3 Ra5 60.
c5 dxc5 61. Nxb2 Ra3+ 62. Kf2 Kc6 63. Nbc4 Rc3 64. e5 fxe5 65. Nxe5+ Kd5 66.
Nd7 Ke6 67. Nf8+ Kf5 68. Nd7 Kf4 69. Nf6 Rc2 70. Ke1 g4 71. Nd5+ Kg3 72. Ne3
Rc1+ 73. Ke2 Kh3 74. Nxg4 Kxg4 75. Kd3 Kf4 76. Nb3 c4+ 77. Kd2 Rb1 78. Na5 Rb4
79. Kc3 Ra4 80. Nxc4 Rxc4+ 1/2-1/2

[Event "Chess Festival Groningen 2019 B"]
[Site "Groningen , Netherlands"]
[Date "2019.12.28"]
[Round "7"]
[White "Benninga, Mark"]
[Black "Hofstra, Tijmen"]
[Result "1-0"]
[WhiteElo "1721"]
[BlackElo "1710"]
[PlyCount "50"]
[EventDate "2019.12.??"]

1. e4 c5 2. c3 e6 3. d4 d5 4. e5 Nc6 5. Nf3 f6 6. exf6 Nxf6 7. Bd3 Bd6 8. O-O
cxd4 9. cxd4 Nb4 10. Bb5+ Bd7 11. Bxd7+ Qxd7 12. Nc3 O-O 13. Re1 h6 14. Ne5 Qe8
15. a3 Nc6 16. b4 Rc8 17. Qd3 Bxe5 18. dxe5 Ng4 19. f4 Qh5 20. h3 Ngxe5 21.
fxe5 Nxe5 22. Qe3 Rxc3 23. Qxe5 Rxh3 24. Qxe6+ Qf7 25. Qxf7+ Rxf7 1-0

[Event "Chess Festival Groningen 2019 B"]
[Site "Groningen , Netherlands"]
[Date "2019.12.28"]
[Round "7"]
[White "Blom, Yeb"]
[Black "Pompstra, Henk"]
[Result "1-0"]
[WhiteElo "1917"]
[BlackElo "1715"]
[PlyCount "52"]
[EventDate "2019.12.??"]

1. c4 Nf6 2. Nc3 c6 3. Nf3 g6 4. e4 Bg7 5. d4 O-O 6. Be2 d6 7. O-O Re8 8. h3
Qc7 9. Be3 e5 10. dxe5 dxe5 11. Nd2 Be6 12. Qa4 Qc8 13. Kh2 Na6 14. b4 Nd7 15.
c5 b5 16. Qa3 f5 17. f3 Nc7 18. Nb3 Re7 19. Bg5 Rf7 20. Rad1 h6 21. exf5 Rxf5
22. Be3 Nd5 23. Nxd5 cxd5 24. Bxb5 Nf6 25. Qa6 e4 26. Nd4 Ne8 1-0

[Event "Chess Festival Groningen 2019 B"]
[Site "Groningen , Netherlands"]
[Date "2019.12.28"]
[Round "7"]
[White "Broersma, Sven"]
[Black "Arnold, Frieda"]
[Result "0-1"]
[WhiteElo "1627"]
[BlackElo "1840"]
[PlyCount "46"]
[EventDate "2019.12.??"]

1. d4 Nf6 2. c4 c5 3. d5 b5 4. cxb5 a6 5. bxa6 g6 6. Nc3 Bg7 7. e4 d6 8. Nf3
O-O 9. h3 Qa5 10. Bd2 Bxa6 11. Bxa6 Qxa6 12. Qe2 Qb6 13. Be3 Qb4 14. a3 Qb7 15.
O-O Nbd7 16. Qc2 Rfc8 17. Rfb1 c4 18. b3 cxb3 19. Rxb3 Qa6 20. Nd4 Nc5 21. Nc6
Nxb3 22. Qxb3 Nxe4 23. Nxe7+ Kh8 0-1

[Event "Chess Festival Groningen 2019 B"]
[Site "Groningen , Netherlands"]
[Date "2019.12.28"]
[Round "7"]
[White "Christensen, John Christop"]
[Black "Pellikaan, Govert"]
[Result "0-1"]
[WhiteElo "1848"]
[BlackElo "1984"]
[PlyCount "46"]
[EventDate "2019.12.??"]

1. e4 d5 2. exd5 Nf6 3. d4 Bg4 4. Nf3 Qxd5 5. Be2 Nc6 6. O-O O-O-O 7. c3 Qh5 8.
Be3 e5 9. h3 e4 10. hxg4 Nxg4 11. Nh4 Nce5 12. g3 g5 13. Kg2 gxh4 14. Rh1 Nxe3+
15. fxe3 Qg5 16. Rxh4 Rg8 17. Rh3 f5 18. Qe1 Ng6 19. Rh5 Qxe3 20. Kh2 Bd6 21.
Rh3 Nf4 22. gxf4 Bxf4+ 23. Kh1 Qxh3# 0-1

[Event "Chess Festival Groningen 2019 B"]
[Site "Groningen , Netherlands"]
[Date "2019.12.28"]
[Round "7"]
[White "Kastelijn, Twan"]
[Black "De Winter, Arthur"]
[Result "1/2-1/2"]
[WhiteElo "1984"]
[BlackElo "1932"]
[PlyCount "96"]
[EventDate "2019.12.??"]

1. d4 Nf6 2. c4 g6 3. Nc3 Bg7 4. e4 O-O 5. Nf3 d6 6. Be2 e5 7. O-O Nc6 8. d5
Ne7 9. Nd2 Nd7 10. b4 a5 11. bxa5 Rxa5 12. Nb3 Ra8 13. Be3 f5 14. f3 f4 15. Bf2
g5 16. c5 Nf6 17. Nb5 Ng6 18. a4 g4 19. a5 g3 20. hxg3 fxg3 21. Bxg3 Nh5 22.
Bh2 Ngf4 23. g4 Qh4 24. Qe1 Qh3 25. Rf2 Nxe2+ 26. Qxe2 Bxg4 27. Qf1 Bh6 28.
fxg4 Qxb3 29. Ra3 Qb4 30. gxh5 Qxc5 31. Rc3 Qb4 32. Rg3+ Kh8 33. Nxc7 Rxf2 34.
Qxf2 Rf8 35. Rf3 Rxf3 36. Qxf3 Qc5+ 37. Kg2 Qxc7 38. Qf6+ Bg7 39. Qe6 Qc2+ 40.
Kh3 Qd3+ 41. Bg3 Qf1+ 42. Kh2 Qe2+ 43. Kg1 Qd1+ 44. Kg2 Qe2+ 45. Kg1 Qd1+ 46.
Kg2 Qe2+ 47. Kg1 Qd1+ 48. Kg2 Qe2+ 1/2-1/2

[Event "Chess Festival Groningen 2019 B"]
[Site "Groningen , Netherlands"]
[Date "2019.12.28"]
[Round "7"]
[White "Klein, Jorik"]
[Black "Arnold, Rhys"]
[Result "1/2-1/2"]
[WhiteElo "1859"]
[BlackElo "1668"]
[PlyCount "38"]
[EventDate "2019.12.??"]

1. e4 c5 2. Nf3 Nc6 3. d4 cxd4 4. Nxd4 e5 5. Nb5 d6 6. N1c3 a6 7. Na3 Be6 8.
Nd5 Nf6 9. Nxf6+ Qxf6 10. Bd3 Rd8 11. c4 Be7 12. Nc2 O-O 13. O-O Rc8 14. Ne3
Bd8 15. Nd5 Bxd5 16. cxd5 Ne7 17. Qg4 Qg6 18. Qxg6 Nxg6 19. Be3 Nf4 1/2-1/2

[Event "Chess Festival Groningen 2019 B"]
[Site "Groningen , Netherlands"]
[Date "2019.12.28"]
[Round "7"]
[White "Konnen, Timo"]
[Black "Van de Pavoordt, Max"]
[Result "0-1"]
[WhiteElo "1843"]
[BlackElo "2016"]
[PlyCount "66"]
[EventDate "2019.12.??"]

1. d4 d5 2. e4 e6 3. Be3 dxe4 4. Nd2 Nf6 5. f3 exf3 6. Ngxf3 Nc6 7. c3 Nd5 8.
Qe2 Be7 9. O-O-O a6 10. Ne4 b5 11. Kb1 Bb7 12. Bc1 h6 13. g4 Nb6 14. Rg1 Qd5
15. Nfd2 Nc4 16. Bg2 Nxd2+ 17. Bxd2 Qd7 18. Be3 O-O-O 19. Rgf1 Rhf8 20. h4 Na5
21. g5 hxg5 22. Bxg5 f6 23. Bf4 Bd5 24. Nd2 Kb8 25. Rfe1 Rfe8 26. Bh3 f5 27. h5
Nc4 28. Nf3 Qc6 29. Rf1 Nxb2 30. Kxb2 Ba3+ 31. Kc2 b4 32. c4 Bxc4 33. Ne5 Qa4+
0-1

[Event "Chess Festival Groningen 2019 B"]
[Site "Groningen , Netherlands"]
[Date "2019.12.28"]
[Round "7"]
[White "Kumar, Prajit Sai"]
[Black "Reinders, Joan"]
[Result "1-0"]
[WhiteElo "1534"]
[BlackElo "1872"]
[PlyCount "63"]
[EventDate "2019.12.??"]

1. d4 Nf6 2. c4 g6 3. Nc3 d5 4. Nf3 Bg7 5. h4 h5 6. Bg5 c6 7. cxd5 Nxd5 8. e4
Nxc3 9. bxc3 Bg4 10. Be2 Nd7 11. O-O O-O 12. Rb1 b6 13. Qd3 Rc8 14. Rbc1 f6 15.
Be3 c5 16. Rfd1 Qe8 17. Qd2 Nb8 18. dxc5 bxc5 19. Rb1 Qc6 20. Qd5+ Kh7 21. Qxc6
Rxc6 22. Rb7 e5 23. Rxa7 f5 24. Ng5+ Kh8 25. f3 f4 26. Bxc5 Rxc5 27. fxg4 Re8
28. gxh5 Bf6 29. Nf7+ Kg8 30. Nh6+ Kh8 31. hxg6 Rxc3 32. Rh7# 1-0

[Event "Chess Festival Groningen 2019 B"]
[Site "Groningen , Netherlands"]
[Date "2019.12.28"]
[Round "7"]
[White "Kunnen, Ruurd"]
[Black "Pol, Thierry"]
[Result "1/2-1/2"]
[WhiteElo "1846"]
[BlackElo "1684"]
[PlyCount "85"]
[EventDate "2019.12.??"]

1. Nf3 f5 2. g3 Nf6 3. Bg2 g6 4. c4 Bg7 5. Nc3 O-O 6. d3 d6 7. h4 e5 8. Be3 Nc6
9. Qd2 Ng4 10. Bg5 Qd7 11. Nh2 Nxh2 12. Bd5+ Kh8 13. Rxh2 h5 14. e3 Ne7 15. Bg2
c6 16. e4 Kh7 17. Bf3 Ng8 18. Qc2 Qf7 19. exf5 Bxf5 20. Ne4 Bxe4 21. Bxe4 d5
22. cxd5 cxd5 23. Bg2 Nh6 24. Bh3 e4 25. dxe4 Rae8 26. Kf1 Rxe4 27. Qd2 Ng4 28.
Bxg4 Rxg4 29. Bf4 Qf5 30. Rc1 Rxf4 31. gxf4 Rf7 32. Rc5 Rd7 33. b3 Bh6 34. Qc2
Qxc2 35. Rxc2 d4 36. Rh3 Bxf4 37. Rd3 Kg7 38. Kg2 Kf6 39. Kf3 Kf5 40. Rc8 Be5
41. Rf8+ Bf6 42. Kg3 Ke4 43. Rd1 1/2-1/2

[Event "Chess Festival Groningen 2019 B"]
[Site "Groningen , Netherlands"]
[Date "2019.12.28"]
[Round "7"]
[White "Leentjens, Gilbert"]
[Black "Arnold, Kiri"]
[Result "0-1"]
[WhiteElo "1843"]
[BlackElo "1672"]
[PlyCount "98"]
[EventDate "2019.12.??"]

1. e4 c5 2. Nc3 Nc6 3. g3 g6 4. Bg2 Bg7 5. d3 e6 6. Be3 d6 7. f4 Qa5 8. Bd2 Qb6
9. Nf3 Nge7 10. Rb1 O-O 11. Ne2 Nd4 12. Nexd4 cxd4 13. O-O d5 14. e5 Nf5 15. g4
Ne3 16. Bxe3 dxe3 17. d4 Qa6 18. Re1 Qxa2 19. Rxe3 Bd7 20. Bf1 Qa5 21. Bd3 Bh6
22. g5 Bg7 23. c3 h5 24. Nd2 Bb5 25. Bc2 Rac8 26. Rh3 Rfd8 27. Nf3 Qa6 28. Ra1
Qc6 29. Nh4 Qe8 30. Qb1 Be2 31. Nxg6 Bg4 32. Rh4 Bf5 33. Bxf5 exf5 34. Rxh5
fxg6 35. Rh3 a6 36. Re3 Rc6 37. Qd1 Re6 38. h4 Qb5 39. Rb1 a5 40. h5 gxh5 41.
Qxh5 Qe8 42. Qh3 Qg6 43. Qg2 b5 44. Ra1 a4 45. Kf2 Ra6 46. Rh3 Kf7 47. Rah1 a3
48. Rh6 Bxh6 49. Rxh6 a2 0-1

[Event "Chess Festival Groningen 2019 B"]
[Site "Groningen , Netherlands"]
[Date "2019.12.28"]
[Round "7"]
[White "Matsumura, Cocoro"]
[Black "Nixdorf, Andre"]
[Result "1-0"]
[WhiteElo "1805"]
[BlackElo "1884"]
[PlyCount "115"]
[EventDate "2019.12.??"]

1. e4 c5 2. Nf3 d6 3. d4 cxd4 4. Nxd4 Nf6 5. Nc3 a6 6. f3 e5 7. Nb3 Be6 8. Be3
Nbd7 9. Qd2 Be7 10. O-O-O O-O 11. g4 b5 12. h4 b4 13. Nd5 Bxd5 14. exd5 Nb6 15.
Na5 Nfxd5 16. Nc6 Qc7 17. Nxe7+ Qxe7 18. Bxb6 Nxb6 19. Qxd6 Nc8 20. Qxe7 Nxe7
21. Rd7 Nc6 22. Rd6 Rfc8 23. Bd3 Nd4 24. f4 Nb5 25. Rd7 Rd8 26. Rxd8+ Rxd8 27.
Rd1 Kf8 28. fxe5 Ke7 29. Rd2 Rd5 30. Re2 Nd4 31. Re3 a5 32. Bxh7 Ke6 33. Bd3
Rc5 34. g5 g6 35. Re4 Nf3 36. Kd1 Nxe5 37. Ke2 Kd6 38. Ke3 Ke6 39. Rf4 Kd5 40.
Be4+ Ke6 41. Rf6+ Ke7 42. Kd4 Nd7 43. Ra6 Rc8 44. Rxa5 Rh8 45. Rb5 Rxh4 46.
Rxb4 Rg4 47. Rb7 Ke6 48. Rb5 f5 49. gxf6 Nxf6 50. Re5+ Kd6 51. c4 Nxe4 52. Rxe4
Rg2 53. b4 Rd2+ 54. Ke3 Rxa2 55. Rg4 Ra3+ 56. Kd4 Rb3 57. Rxg6+ Ke7 58. Kc5 1-0

[Event "Chess Festival Groningen 2019 B"]
[Site "Groningen , Netherlands"]
[Date "2019.12.28"]
[Round "7"]
[White "Molanus, Lennart"]
[Black "Van Mulken, Nanning"]
[Result "1-0"]
[WhiteElo "1677"]
[BlackElo "1605"]
[PlyCount "76"]
[EventDate "2019.12.??"]

1. d4 Nf6 2. c4 e6 3. Nf3 d5 4. Nc3 Be7 5. cxd5 exd5 6. Bg5 c6 7. e3 h6 8. Bh4
O-O 9. Qc2 Nbd7 10. Be2 Re8 11. O-O Bd6 12. Rab1 Qc7 13. b4 b5 14. Rfc1 Qb6 15.
a4 a6 16. Nd1 Bb7 17. Bg3 Ne4 18. Bxd6 Nxd6 19. Nc3 Rac8 20. Ra1 Qd8 21. Bd3
Qf6 22. Nd2 Nb6 23. Nb3 Nd7 24. Qe2 Nf5 25. Qg4 g6 26. e4 dxe4 27. Nxe4 Rxe4
28. Bxe4 h5 29. Qf3 Ne7 30. Qxf6 Nxf6 31. Nc5 Nxe4 32. Nxe4 Rc7 33. axb5 axb5
34. Ra7 Nc8 35. Ra3 Nb6 36. Nd6 Nd5 37. Ra7 Nf4 38. Kf1 Re7 1-0

[Event "Chess Festival Groningen 2019 B"]
[Site "Groningen , Netherlands"]
[Date "2019.12.28"]
[Round "7"]
[White "Pouw, Marcel"]
[Black "Blok, Ronald"]
[Result "0-1"]
[WhiteElo "1880"]
[BlackElo "1814"]
[PlyCount "72"]
[EventDate "2019.12.??"]

1. d4 Nf6 2. Nf3 d5 3. g3 g6 4. Bg2 Bg7 5. O-O O-O 6. c4 c6 7. cxd5 cxd5 8. Ne5
Nbd7 9. Nc3 Nb6 10. Qb3 e6 11. a4 Nfd7 12. a5 Bxe5 13. axb6 Bxd4 14. Bh6 Bxb6
15. Bxf8 Qxf8 16. Na4 Bc5 17. e4 d4 18. Rac1 e5 19. Qd5 Bd6 20. f4 Nf6 21. Qa5
Bd7 22. fxe5 Bb4 23. Qc7 Bxa4 24. exf6 d3 25. e5 Bb3 26. Bxb7 Re8 27. Bf3 Bd2
28. Ra1 Be3+ 29. Kh1 Rd8 30. Ra3 Bc2 31. e6 Bb6 32. Qc6 fxe6 33. Bg4 Rd6 34.
Bxe6+ Kh8 35. Qe4 Rxe6 36. Qxe6 Qa8+ 0-1

[Event "Chess Festival Groningen 2019 B"]
[Site "Groningen , Netherlands"]
[Date "2019.12.28"]
[Round "7"]
[White "Ritter, Uwe"]
[Black "Bloem, Mark"]
[Result "1-0"]
[WhiteElo "1981"]
[BlackElo "1928"]
[PlyCount "55"]
[EventDate "2019.12.??"]

1. e4 c5 2. Nf3 e6 3. d4 cxd4 4. Nxd4 Nc6 5. Nc3 Qc7 6. Be3 a6 7. a3 b5 8. Nxc6
Qxc6 9. Be2 Bb7 10. O-O d6 11. Qd4 Nf6 12. a4 b4 13. Qxb4 d5 14. Qd4 dxe4 15.
a5 Be7 16. Ra4 O-O 17. Rc4 Qd6 18. Qb6 Qxb6 19. axb6 Rfc8 20. Rxc8+ Rxc8 21.
Ra1 Nd5 22. Nxd5 exd5 23. c3 Kf8 24. Ra4 Ke8 25. Bxa6 Rb8 26. Bf4 Bc6 27. Bxb8
Bxa4 28. Bf4 1-0

[Event "Chess Festival Groningen 2019 B"]
[Site "Groningen , Netherlands"]
[Date "2019.12.28"]
[Round "7"]
[White "Sprik, Sander"]
[Black "Kubat, Pavel"]
[Result "0-1"]
[WhiteElo "1791"]
[BlackElo "1914"]
[PlyCount "122"]
[EventDate "2019.12.??"]

1. e4 d6 2. d4 Nf6 3. Nc3 Nbd7 4. Nf3 e5 5. Bc4 Be7 6. O-O O-O 7. Re1 c6 8. a4
a5 9. Ba2 Qc7 10. h3 exd4 11. Nxd4 Nc5 12. Nf5 Bxf5 13. exf5 d5 14. Bg5 h6 15.
Bh4 Rfe8 16. Qd4 Nce4 17. Nxe4 Nxe4 18. Bxe7 Rxe7 19. c4 Nf6 20. cxd5 cxd5 21.
Rxe7 Qxe7 22. Rd1 Qd7 23. Bb3 Ra6 24. Bxd5 Nxd5 25. Qxd5 Qxa4 26. Rc1 Rc6 27.
Re1 Qb4 28. Re8+ Kh7 29. g3 Rc1+ 30. Kg2 Qc4 31. Qxc4 Rxc4 32. Re5 b6 33. Rb5
Rc6 34. g4 Kg8 35. Kf3 Kf8 36. Ke4 Ke7 37. f3 Kd7 38. h4 Rc4+ 39. Ke5 Rc6 40.
Ke4 Rd6 41. Ke5 f6+ 42. Ke4 Kc6 43. Rb3 b5 44. Rc3+ Kb6 45. Ke3 a4 46. f4 b4
47. Rc8 Rd7 48. Ra8 Kb5 49. Rc8 a3 50. bxa3 bxa3 51. Ra8 Kb4 52. Rb8+ Kc3 53.
Rc8+ Kb2 54. Rb8+ Ka1 55. Rb3 a2 56. Ke2 Rd4 57. Ke3 Rd1 58. Ke2 Rb1 59. Rd3
Kb2 60. Rd2+ Kb3 61. Rd3+ Kc4 0-1

[Event "Chess Festival Groningen 2019 B"]
[Site "Groningen , Netherlands"]
[Date "2019.12.28"]
[Round "7"]
[White "Van der Meer, Henk"]
[Black "De Jong, Mathijs"]
[Result "0-1"]
[WhiteElo "1785"]
[BlackElo "1967"]
[PlyCount "83"]
[EventDate "2019.12.??"]

1. e4 c6 2. d4 d5 3. Nc3 dxe4 4. Nxe4 Bf5 5. Ng3 Bg6 6. h4 h6 7. h5 Bh7 8. Bc4
e6 9. Nh3 Nf6 10. c3 Bd6 11. Bf4 O-O 12. Qf3 a5 13. O-O Na6 14. Rfe1 Nc7 15.
Rad1 Bxf4 16. Nxf4 Ncd5 17. a3 Nxf4 18. Qxf4 Nd5 19. Qg4 Qc7 20. Re5 Rad8 21.
Rde1 Rd7 22. Qf3 Nf6 23. a4 Bc2 24. Qe2 Bxa4 25. b3 Bb5 26. Bxb5 cxb5 27. Rc5
Qd8 28. Rxb5 Rd5 29. Ra1 b6 30. Rd1 Qc7 31. Rxd5 Nxd5 32. c4 Nc3 33. Qd2 Nxd1
34. Qxd1 a4 35. c5 axb3 36. Qxb3 bxc5 37. Qc4 Rc8 38. d5 exd5 39. Qxd5 Rd8 40.
Qf3 Qd6 41. Kh2 c4 42. Qc3 0-1

[Event "Chess Festival Groningen 2019 B"]
[Site "Groningen , Netherlands"]
[Date "2019.12.28"]
[Round "7"]
[White "Waardenburg, Marlinde"]
[Black "Husers, Yannic"]
[Result "1-0"]
[WhiteElo "1735"]
[BlackElo "1903"]
[PlyCount "98"]
[EventDate "2019.12.??"]

1. e4 e5 2. Nf3 Nc6 3. Bc4 Bc5 4. c3 d6 5. Bb3 Nf6 6. d3 h6 7. Nbd2 O-O 8. Nf1
Ne7 9. h3 Ng6 10. Ne3 c6 11. O-O Bb6 12. Nf5 d5 13. Qe2 Bc7 14. Rd1 Be6 15. Bc2
Qc8 16. N3h4 Qd7 17. Qf3 Nf4 18. Bxf4 exf4 19. Re1 g6 20. Nxh6+ Kh7 21. e5 Nh5
22. Ng4 Qe7 23. g3 Qg5 24. d4 Bd8 25. Ng2 fxg3 26. fxg3 Rh8 27. N2e3 Ng7 28.
Kg2 Kg8 29. Rh1 Kf8 30. Raf1 Ke7 31. Qf6+ Kd7 32. Qxg7 Be7 33. Rxf7 Bxf7 34.
Qxf7 Raf8 35. Qxg6 Qxg6 36. Bxg6 b5 37. Rf1 a5 38. Rxf8 Rxf8 39. Bf5+ Kc7 40.
h4 b4 41. h5 bxc3 42. bxc3 Bg5 43. h6 Kd8 44. h7 Ke7 45. Bd3 Kf7 46. c4 dxc4
47. Nxc4 Rd8 48. Nxa5 Kg7 49. Nxc6 Ra8 1-0

[Event "Chess Festival Groningen 2019 B"]
[Site "Groningen , Netherlands"]
[Date "2019.12.28"]
[Round "7"]
[White "Wissmann, Dolf"]
[Black "Zuiderweg, Edwin"]
[Result "0-1"]
[WhiteElo "2092"]
[BlackElo "1951"]
[PlyCount "72"]
[EventDate "2019.12.??"]

1. e4 c5 2. Nf3 Nc6 3. d4 cxd4 4. Nxd4 g6 5. Be2 Bg7 6. Nb3 Nf6 7. Nc3 a5 8. a4
d6 9. g4 h6 10. Be3 Be6 11. f4 Bxb3 12. cxb3 e6 13. Bf3 d5 14. e5 Nxg4 15. Bxg4
d4 16. Bf2 dxc3 17. bxc3 O-O 18. O-O Qc7 19. Qe2 Rfd8 20. Qb5 Rd5 21. Qc4 Rc8
22. Bf3 Rd7 23. Qb5 g5 24. Bb6 Qb8 25. fxg5 hxg5 26. Rae1 Bxe5 27. Re2 Bf4 28.
Rg2 Ne5 29. Bd4 Nxf3+ 30. Rxf3 Rd5 31. Qf1 Rxd4 32. h4 Re4 33. hxg5 Qe5 34. Qd3
Re1+ 35. Kf2 Rc1 36. g6 Qe1# 0-1